Ładuje się......

Sukh swasthy kelie yogaasan/

Opis bibliograficzny
1. autor: Shasibhushan Misra
Format: Printed Book
Wydane: Delhi: Jyothimargayaanand Ashram, 1997.
Hasła przedmiotowe:
LEADER 00559nam a22001571a 4500
082 |a H 613.7046  |b JYO/S 
100 |a Shasibhushan Misra  |9 113518 
245 |a Sukh swasthy kelie yogaasan/  |c by Shasibhushan Misra. 
260 |a Delhi:  |b Jyothimargayaanand Ashram,  |c 1997. 
300 |a 268p. 
500 |a Jyothirmayaanand 
650 |a Medicine  |9 113519 
650 |a Health Science  |9 113520 
942 |c BK 
999 |c 45290  |d 45290 
952 |0 0  |1 0  |4 0  |6 H_613_704600000000000_JYO_S  |7 0  |9 65343  |a SSUS  |b SSUS  |d 2015-01-08  |g 40.00  |o H 613.7046 JYO/S  |p 012751  |r 2015-01-08  |v 0.00  |w 2015-01-08  |y BK